00306nam a2200109Ia 4500008004000000082001600040100001900056245005800075260004000133300001300173650001000186210210b1976 xxu||||| |||| 00| 0 eng d a341.23 MEHI aMEHRISH (B N). aInternational organisations structures and processes. aDelhi.bVishal Publications.,c1976 av,402,vi aUNO